| 000 | | | 05066nac2a22003253x 450 |
| 001 | | | cfd63e75-ae91-4afb-9812-2c6814431198 |
| 005 | | | 20211209190859.0 |
| 100 | ## | $a | 20211120l19091912k y0rusy50 ca |
| 101 | 0# | $a | rus |
| 102 | ## | $a | RU |
| 105 | ## | $a | y z ||||| |
| 122 | 2# | $a | d19091231 |
| | $a | d19121231 |
| 200 | 1# | $a | Казнаков А. О делах Кавказского Музея. Приложено письмо Звегинцова А. И. - Василию Константиновичу о музее |
| | $j | 1909-1912 |
| 215 | ## | $a | 9 листов |
| 251 | ## | $c | Дело |
| 300 | ## | $a | Заголовок дела на папке: Письма и телеграммы Казнакова А. - Звегинцеву Ал. Ив. (О законопроекте в Государственной Думе по вопросу о Кавказском музее, о штатах музея). Приложено письмо Ал. Ив. Звегинцева - Василию Константиновичу по вопросу о Кавказском музее) |
| 300 | ## | $a | На папке дела: 1909-1910-1912 |
| 300 | ## | $a | Лист: 1 - поврежден; 7-9 - телеграмма |
| 300 | ## | $a | Рукописный и машинописный текст |
| 330 | ## | $a | Входит в раздел описи: 1. Письма к А. И. Звегинцову. 2/ Письма по служебной деятельности А. И. Звегинцова |
| 461 | #0 | $1 | 001fc48e33c-c630-4015-85dd-2f2aab656f45 |
| | $1 | 2001 |
| | $a | Звегинцев Александр Иванович, помещик Воронежской губернии, депутат III Государственной думы, член партии "Союз 17 октября" |
| | $1 | 251 |
| | $c | Фонд |
| | $1 | 852 |
| | $j | 932 |
| 462 | #0 | $1 | 001ddcf82e7-7bd9-4c5e-b7f1-85df8b3febb3 |
| | $1 | 2001 |
| | $a | Дела постоянного хранения. 1899-1913 гг. |
| | $v | Д. 184 |
| | $1 | 251 |
| | $c | Опись |
| | $1 | 852 |
| | $j | 1 |
| 517 | 1# | $a | Письма и телеграммы Казнакова А. - Звегинцеву Ал. Ив. (О законопроекте в Государственной Думе по вопросу о Кавказском музее, о штатах музея). Приложено письмо Ал. Ив. Звегинцева - Василию Константиновичу по вопросу о Кавказском музее) |
| 600 | #1 | $a | Звегинцев |
| | $b | А. И. |
| | $g | Александр Иванович |
| 600 | #1 | $a | Казнаков |
| | $b | А. |
| 601 | 01 | $3 | RU\NLR\AUTH\8810039162 |
| | $a | Россия |
| | $b | Государственная Дума |
| 601 | 02 | $3 | RU\NLR\AUTH\889924802 |
| | $a | Кавказский музей |
| | $c | Тифлис |
| 801 | #0 | $a | RU |
| | $b | GA_RF |
| 801 | #1 | $a | RU |
| | $b | ГлавНИВЦ |
| | $c | 20211120 |
| | $2 | rusmarc |
| 801 | #2 | $a | RU |
| | $b | ПБ им. Б.Н. Ельцина |
| | $c | 20211209 |
| | $g | RCR |
| | $2 | rusmarc |
| 852 | ## | $a | ГА РФ |
| | $j | 184 |
| 937 | ## | $d | 171376416 |
| | $h | ГАРФ |
| 035 | ## | $a | RuPRLIB51062457 |
| 856 | ## | $u | http://readingroom.main.prlib.ru/item.aspx?id_node=n171376416&mode=full |